00229nam a2200085Ia 4500008004100000100001400041245004800055260003200103300000800135191201s2013 xx 000 0 und d aDHIMAN,KK 0aFundamentals of engineering drawing VOL 2nd c2013bNORTH PUB.aNEW DELHI a192